| 000 | 00573nam a2200205 u 4500 | ||
|---|---|---|---|
| 005 | 20221006063537.0 | ||
| 008 | 090825s2002 r 000 0 eng d | ||
| 020 | _a8496089029 | ||
| 035 | _aUPN01000172017 | ||
| 049 | _aCG | ||
| 050 | 4 |
_aPQ2603 A6.9 _bB3.3 |
|
| 100 | 1 | _aBaigorria, Osvaldo | |
| 245 | 1 | 0 |
_aGeorges Bataille y el erotismo / _cOsvaldo Baigorria. |
| 260 |
_aMadrid : _bCampo de ideas, _c2002. |
||
| 300 | _a125 p. | ||
| 440 | 0 | _aIntelectuales | |
| 600 | 1 | 4 |
_aBATAILLE, GEORGES, _d1897-1962 |
| 650 | 2 |
_aErotismo en la literatura _913634 |
|
| 905 | _aLibro | ||
| 999 |
_c144121 _d144121 |
||